¿Nuevas responsabilidades para el empleador? (Registro nro. 35412)

Detalles MARC
000 -LEADER
fixed length control field 00318 a2200109 4500
001 - CONTROL NUMBER
control field ART_52763
005 - DATE AND TIME OF LATEST TRANSACTION
control field 20260410162047.0
008 - FIXED-LENGTH DATA ELEMENTS--GENERAL INFORMATION
fixed length control field 260409a
100 1# - MAIN ENTRY--PERSONAL NAME
Personal name Mastandrea, Alberto F.
245 10 - TITLE STATEMENT
Title ¿Nuevas responsabilidades para el empleador?
773 0# - HOST ITEM ENTRY
Title Impuestos
Related parts - N°102 (jun. 2021)
Record control number REV45175

No hay ítems disponibles.